| Tag |
First Indicator |
Second Indicator |
Subfields |
| LEADER |
00000cam a22000001 4500 |
| 001 |
in00000065350 |
| 005 |
20151008051828.0 |
| 008 |
731212s1966 nyu b 00000 eng |
| 010 |
|
|
|a 66018912
|
| 035 |
|
|
|a (OCoLC)00567782
|
| 035 |
|
|
|9 AAH0235AM
|
| 040 |
|
|
|a DLC
|c DLC
|d TXA
|d UtOrBLW
|
| 041 |
1 |
|
|a eng
|a chi
|
| 049 |
|
|
|a TXAM
|c [462006]
|
| 050 |
0 |
0 |
|a U240
|b .M28 1966
|
| 082 |
0 |
|
|a 355.425
|
| 092 |
|
|
|a 355.425
|b M296b
|
| 100 |
1 |
|
|a Mao, Zedong,
|d 1893-1976.
|
| 245 |
1 |
0 |
|a Basic tactics /
|c Translated and with an introd. by Stuart R. Schram. Foreword by Samuel B. Griffith, II.
|
| 264 |
|
1 |
|a New York :
|b Praeger,
|c [1966]
|
| 300 |
|
|
|a viii, 149 pages ;
|c 21 cm.
|
| 336 |
|
|
|a text
|b txt
|2 rdacontent
|
| 337 |
|
|
|a unmediated
|b n
|2 rdamedia
|
| 338 |
|
|
|a volume
|b nc
|2 rdacarrier
|
| 504 |
|
|
|a Bibliographical footnotes.
|
| 650 |
|
0 |
|a Guerrilla warfare.
|
| 700 |
1 |
|
|a Schram, Stuart R.
|q (Stuart Reynolds),
|d 1924-2012.
|
| 999 |
|
|
|a MARS
|
| 999 |
f |
f |
|s 6fc82016-9836-3806-8f35-59adf02b30cd
|i a95fa55e-4cd9-3008-808f-30a8eecfe8d7
|t 0
|
| 952 |
f |
f |
|p normal
|a Texas A&M University
|b College Station
|c Sterling C. Evans Library
|d Evans: Library Stacks
|t 0
|e U240 .M28 1966
|h Library of Congress classification
|i unmediated -- volume
|m A14800805554
|
| 998 |
f |
f |
|a U240 .M28 1966
|t 0
|l Evans: Library Stacks
|